Power sharing in industry (Record no. 54181)

MARC details
000 -LEADER
fixed length control field 00849nam a2200217 a 4500
008 - FIXED-LENGTH DATA ELEMENTS--GENERAL INFORMATION
fixed length control field 120416s1975 ||||||||||||||||| || u
020 ## - INTERNATIONAL STANDARD BOOK NUMBER
International Standard Book Number 0716102749
050 ## - LIBRARY OF CONGRESS CALL NUMBER
Classification number HD 5650 Mac
100 ## - MAIN ENTRY--PERSONAL NAME
Personal name Macbeath, Innis
245 10 - TITLE STATEMENT
Title Power sharing in industry
246 ## - VARYING FORM OF TITLE
Title proper/short title a practical guide to employee participation in company operations
260 ## - PUBLICATION, DISTRIBUTION, ETC.
Place of publication, distribution, etc. Epping,Essex
Name of publisher, distributor, etc. Gower Press
Date of publication, distribution, etc. 1975
300 ## - PHYSICAL DESCRIPTION
Extent xviii, 180p : ill
350 ## - PRICE (NR) (BK AM CF MU VM SE) [OBSOLETE]
Price 0.00
500 ## - GENERAL NOTE
General note Includes index. -Bibliography: p. 169-173.
650 ## - SUBJECT ADDED ENTRY--TOPICAL TERM
Topical term or geographic name entry element Management--Employee participation
650 ## - SUBJECT ADDED ENTRY--TOPICAL TERM
Topical term or geographic name entry element Management--Employee participation--European Economic Community countries
650 #0 - SUBJECT ADDED ENTRY--TOPICAL TERM
Topical term or geographic name entry element MANAGEMENT
650 #0 - SUBJECT ADDED ENTRY--TOPICAL TERM
Topical term or geographic name entry element PERSONNEL MANAGEMENT
995 ## - RECOMMENDATION 995 [LOCAL, UNIMARC FRANCE]
-- 0.00
-- CBU-MAIN LIBRARY (Kitwe)
-- 1
-- 18.75
-- 1
-- AVAILABLE
-- Main Library Open Access Collection
Holdings
Withdrawn status Lost status Source of classification or shelving scheme Damaged status Not for loan Home library Current library Shelving location Date acquired Total Checkouts Full call number Barcode Date last seen Price effective from Koha item type
          CBU-MAIN LIBRARY, KITWE. CBU-MAIN LIBRARY, KITWE.   11/30/2022   HD 5650 Mac 004239 11/30/2022 11/30/2022 MONOGRAPH